Villes de la Loire en images - Statistiques

Statistiques générales
  • Ce quiz a été pris 64 fois
  • Le résultat moyen est 7 sur 18
Statistiques - réponses
Par images Hint Réponse % Correct
S Saint-Étienne
98%
R Roanne
91%
M Montbrison
85%
F Firminy
80%
F Feurs
63%
S Saint-Chamond
61%
R Rive-de-Gier
33%
U Unieux
33%
(L) R La Ricamarie
30%
(L) T La Talaudière
22%
(L) C Le Coteau
22%
S Saint-Just-Saint-Rambert
22%
V Veauche
22%
S Saint-Bonnet-le-Château
20%
C Charlieu
13%
(L) C Le Chambon-Feugerolles
13%
S Sainte-Croix-en-Jarez
2%
S Saint-Maurice-en-Gourgois
2%
Aucun quiz correspondant
Distribution des résultats
% des personnes avec chaque résultat
Percentile par nombre de réponses
Votre historique - résultats
Vous n’avez pas pris ce quiz